A History of Male Psychological Disorders in Britain, 1945-1980 (Record no. 25960)

MARC details
000 -LEADER
fixed length control field 00825nam a2200121Ia 4500
008 - FIXED-LENGTH DATA ELEMENTS--GENERAL INFORMATION
fixed length control field 220620s9999||||xx |||||||||||||| ||und||
100 ## - MAIN ENTRY--PERSONAL NAME
Personal name Haggett, Alison
245 #2 - TITLE STATEMENT
Title A History of Male Psychological Disorders in Britain, 1945-1980
546 ## - LANGUAGE NOTE
Language note English[eng]
650 ## - SUBJECT ADDED ENTRY--TOPICAL TERM
Topical term or geographic name entry element History of Science||Social History||History of Britain and Ireland||Modern History||Psychotherapy||Gender Studies||Mental illness||gender||masculinity||psychosomatic illness||alcoholism||suicide||general practice||history||alcohol||anxiety||coping||depression||health||pharmacology||stress||women||History of science||Social & cultural history||European history||History||Clinical psychology||Gender studies, gender groups
856 ## - ELECTRONIC LOCATION AND ACCESS
Uniform Resource Identifier <a href="https://library.oapen.org/bitstream/20.500.12657/41739/1/2015_Book_AHistoryOfMalePsychologicalDis.pdf">https://library.oapen.org/bitstream/20.500.12657/41739/1/2015_Book_AHistoryOfMalePsychologicalDis.pdf</a>
942 ## - ADDED ENTRY ELEMENTS (KOHA)
Koha item type E-Books
Holdings
Withdrawn status Lost status Damaged status Not for loan Home library Current library Date acquired Total Checkouts Date last seen Price effective from Koha item type
        Kerala University of Digital Sciences, Innovation and Technology Knowledge Centre Kerala University of Digital Sciences, Innovation and Technology Knowledge Centre 20/06/2022   20/06/2022 20/06/2022 E-Books